|
|
|
|
| LEADER |
00967nam a2200253 a 4500 |
| 001 |
GR-MES592 |
| 008 |
991111s1995 gr 000 b gre d |
| 040 |
|
|
|a GrPaTEI
|b gre
|c GR-PaULI
|
| 245 |
0 |
0 |
|a Windows έκδοση 3.11 βήμα προς βήμα.
|
| 260 |
|
|
|a Αθήνα :
|b Γκιούρδας εκδοτική,
|c 1995
|
| 300 |
|
|
|a xv, 300 σελ., εικ.
|
| 500 |
|
|
|a Windows QuickStart, 3.11 Editon
|
| 650 |
|
4 |
|a Η/Υ
|
| 650 |
|
4 |
|a ΣΥΣΤΗΜΑΤΑ ΛΕΙΤΟΥΡΓΙΚΑ
|
| 650 |
1 |
0 |
|a WINDOWS
|
| 650 |
1 |
0 |
|a WINDOWS 3.11
|
| 700 |
1 |
|
|a Acklen, Laura
|
| 700 |
1 |
|
|a Person, Ron,
|d 1948-
|
| 700 |
1 |
|
|a Καλογήρου, Ε. Γ.
|
| 710 |
0 |
|
|a Γκιούρδας εκδοτική
|
| 942 |
|
|
|2 ddc
|
| 952 |
|
|
|0 0
|1 0
|2 ddc
|4 0
|6 005_430000000000000_PER
|7 0
|9 263883
|a MSLG
|b MSLG
|c BSC
|d 2021-01-17
|e 24
|f 0
|g 0.00
|l 0
|o 005.43 PER
|p 2420000006822
|r 2021-01-17 00:00:00
|t 1
|w 2021-01-17
|y BK15
|x 19991111 0 1
|x GrPaTEI
|
| 971 |
|
|
|a .b25716335
|b 14-09-20
|c 13-09-16
|
| 999 |
|
|
|c 151932
|d 151932
|